| 000 -LEADER |
| fixed length control field |
02513cam a2200469 i 4500 |
| 001 - CONTROL NUMBER |
| control field |
21629775 |
| 003 - CONTROL NUMBER IDENTIFIER |
| control field |
NUST |
| 005 - DATE AND TIME OF LATEST TRANSACTION |
| control field |
20200917144031.0 |
| 006 - FIXED-LENGTH DATA ELEMENTS--ADDITIONAL MATERIAL CHARACTERISTICS |
| fixed length control field |
m |o d | |
| 007 - PHYSICAL DESCRIPTION FIXED FIELD--GENERAL INFORMATION |
| fixed length control field |
cr ||||||||||| |
| 008 - FIXED-LENGTH DATA ELEMENTS--GENERAL INFORMATION |
| fixed length control field |
160415s2017 nyu ob 001 0 eng |
| 010 ## - LIBRARY OF CONGRESS CONTROL NUMBER |
| LC control number |
2020691088 |
| 020 ## - INTERNATIONAL STANDARD BOOK NUMBER |
| International Standard Book Number |
9781317213833 |
| Qualifying information |
epub |
| 020 ## - INTERNATIONAL STANDARD BOOK NUMBER |
| International Standard Book Number |
9781315619408 |
| Qualifying information |
ebook |
| 020 ## - INTERNATIONAL STANDARD BOOK NUMBER |
| Canceled/invalid ISBN |
9781138666375 |
| Qualifying information |
hardback : alk. paper |
| 020 ## - INTERNATIONAL STANDARD BOOK NUMBER |
| Canceled/invalid ISBN |
9781138666382 |
| Qualifying information |
pbk. : alk. paper |
| 038 ## - RECORD CONTENT LICENSOR |
| Staff Name |
MSOHAIL |
| 040 ## - CATALOGING SOURCE |
| Original cataloging agency |
DLC |
| Language of cataloging |
eng |
| Description conventions |
rda |
| Transcribing agency |
DLC |
| Modifying agency |
DLC |
| 043 ## - GEOGRAPHIC AREA CODE |
| Geographic area code |
n-us--- |
| 050 00 - LIBRARY OF CONGRESS CALL NUMBER |
| Classification number |
HT167 |
| 082 00 - DEWEY DECIMAL CLASSIFICATION NUMBER |
| Classification number |
307.12160973 |
| Edition number |
23 |
| Author Mark |
LEY |
| 100 1# - MAIN ENTRY--PERSONAL NAME |
| Personal name |
Levy, John M., |
| Relator term |
author. |
| 9 (RLIN) |
19404 |
| 245 10 - TITLE STATEMENT |
| Title |
Contemporary urban planning / |
| Statement of responsibility, etc. |
John M. Levy. |
| 250 ## - EDITION STATEMENT |
| Edition statement |
Eleventh Edition. |
| 264 #1 - PRODUCTION, PUBLICATION, DISTRIBUTION, MANUFACTURE, AND COPYRIGHT NOTICE |
| Place of production, publication, distribution, manufacture |
New York : |
| Name of producer, publisher, distributor, manufacturer |
Routledge, Taylor and Francis Group |
| Date of production, publication, distribution, manufacture, or copyright notice |
2017. |
| 300 ## - PHYSICAL DESCRIPTION |
| Extent |
1 online resource |
| 336 ## - CONTENT TYPE |
| Content type term |
text |
| Content type code |
txt |
| Source |
rdacontent |
| 337 ## - MEDIA TYPE |
| Media type term |
computer |
| Media type code |
c |
| Source |
rdamedia |
| 338 ## - CARRIER TYPE |
| Carrier type term |
online resource |
| Carrier type code |
cr |
| Source |
rdacarrier |
| 500 ## - GENERAL NOTE |
| General note |
Revised edition of the author's Contemporary urban planning, 2013. |
| 504 ## - BIBLIOGRAPHY, ETC. NOTE |
| Bibliography, etc. note |
Includes bibliographical references and index. |
| 505 0# - FORMATTED CONTENTS NOTE |
| Formatted contents note |
Preface -- Acknowledgments -- The background and development of contemporary urban planning -- An overview -- The urbanization of America -- The history of planning : part I -- The history of planning : part II -- The structure and practice of contemporary planning -- The legal basis of planning -- Planning and politics -- The social issues -- The comprehensive plan -- The tools of land-use planning -- Fields of planning -- Urban design -- Urban renewal and community development -- Transportation planning -- Economic development planning -- Growth management, smart growth, sustainable development, and planning for -- Catastrophy -- Environmental and energy planning -- Planning for metropolitan regions -- Larger questions -- National planning in the United Sstates -- Planning in other nations -- Planning theory -- Index. |
| 588 ## - SOURCE OF DESCRIPTION NOTE |
| Source of description note |
Description based on print version record. |
| 650 #0 - SUBJECT ADDED ENTRY--TOPICAL TERM |
| Topical term or geographic name entry element |
City planning |
| Geographic subdivision |
United States. |
| 9 (RLIN) |
19405 |
| 650 #0 - SUBJECT ADDED ENTRY--TOPICAL TERM |
| Topical term or geographic name entry element |
Urban policy |
| Geographic subdivision |
United States. |
| 9 (RLIN) |
19406 |
| 650 #0 - SUBJECT ADDED ENTRY--TOPICAL TERM |
| Topical term or geographic name entry element |
Urbanization |
| Geographic subdivision |
United States. |
| 9 (RLIN) |
19407 |
| 650 #0 - SUBJECT ADDED ENTRY--TOPICAL TERM |
| Topical term or geographic name entry element |
Sociology, Urban |
| Geographic subdivision |
United States. |
| 9 (RLIN) |
19408 |
| 776 08 - ADDITIONAL PHYSICAL FORM ENTRY |
| Relationship information |
Print version: |
| Title |
Contemporary urban planning |
| Place, publisher, and date of publication |
New York : Routledge, Taylor & Francis Group 2017. |
| International Standard Book Number |
9781138666375 (hardback : alk. paper) |
| Record control number |
(DLC) 2016018104 |
| 906 ## - LOCAL DATA ELEMENT F, LDF (RLIN) |
| a |
7 |
| b |
cbc |
| c |
origcop |
| d |
1 |
| e |
ecip |
| f |
20 |
| g |
y-gencatlg |
| 942 ## - ADDED ENTRY ELEMENTS (KOHA) |
| Source of classification or shelving scheme |
|
| Koha item type |
Book |